| 000 | 01095njm a22002657a 4500 | ||
|---|---|---|---|
| 005 | 20100922110543.0 | ||
| 006 | a|||||r|||||00| 0 | ||
| 007 | sd ammalaaahaa | ||
| 008 | 100901t xxu||||| |||| 00| 0 eng d | ||
| 028 |
_aD/ELRZ. 11 _bEMI |
||
| 035 | _aGR-02145 | ||
| 040 |
_aSED _cSED |
||
| 100 |
_917891 _aBhupen Hazarika |
||
| 245 |
_aFolk songs of India / _cby Bhupen Hazarika _h[Sound recording] |
||
| 246 | _aफोल्क सोंग्स ऑफ़ इंडिया / भूपेन हजारिका द्वारा | ||
| 260 |
_aDum Dum, India _bEMI _c1969 |
||
| 300 |
_a1 Sound disc [Gramophone Recording] : _banalog, 33 1/3 rpm _c12 in. (LP) _fGramophone Record |
||
| 500 | _aBrief record | ||
| 500 | _aRecord Labels : EMI, Blue | ||
| 505 | _aSide-1 (Assam : Kamrup folk-he kanai paar karade) (Bhupen Hazarika) --Side-2 (Gujarat : Garba-ambe wali maa) (Asha Bhosle) | ||
| 600 |
_aBhupen Hazarika _921057 |
||
| 650 |
_aFolk songs _xExcerpts _zIndia _917892 |
||
| 942 |
_2ddc _cGR |
||
| 999 |
_c47380 _d47380 |
||